=LDR 00000nam 2200000 4500 =001 INLIS000000000029990 =005 20130612132157 =008 ***********************************Ind** =035 ##$$0010-061300000029990 =041 ##$$a Ind =082 ##$$a 630 =090 ##$$a 630, Mul p =100 ##$$a Mulat, Tri =245 ##$$a Pertanian di Internet, Tri Mulat =260 ##$$a 2003 $b Jakarta =300 ##$$a viii, 120 hlm, ilus, 22 cm =650 ##$$a Pertanian =850 ##$$a NBPNMAT